000 00806nam a2200241Ia 4500
003 IN-BaIIA
008 211028s9999 xx s 000 0 eng d
020 _a978-1-4614-5769-5 (Print)
020 _a978-1-4614-5770-1 (Online)
040 _cIIA Library
100 _aLenton, Tim
_938896
245 0 _aGeoengineering Responses to Climate Change
_h[eBook]
260 _aNew York
_bSpringer New York
_c2013
300 _aOnline resource
650 _a Climate Change
_933174
650 _a Climate Change Management and Policy
_938897
650 _a Earth System Sciences
_938590
650 _a Geophysics and Environmental Physics
_938478
650 _aPhysics
_973
700 _aVaughan, Naomi
_938898
856 _uhttp://doi.org/10.1007/978-1-4614-5770-1
_yClick Here to Access eBook
942 _cEB
999 _c20961
_d20961